Svět platebních a identifikačních karet
Gespeichert in:
| 1. Verfasser: | |
|---|---|
| Format: | Buch |
| Sprache: | Tschechisch |
| Veröffentlicht: |
Praha
GRADA Publishing
1999
|
| Schlagworte: | |
| Tags: |
Keine Tags, Fügen Sie das erste Tag hinzu!
|
MARC
| LEADER | 00000nam a2200000 4500 | ||
|---|---|---|---|
| 001 | c110083 | ||
| 005 | 20221102135254.4 | ||
| 020 | |a 80-7169-759-1 | ||
| 041 | 0 | |a cze | |
| 044 | |a CZ | ||
| 245 | 1 | 0 | |a Svět platebních a identifikačních karet |c Pavel Juřík |
| 264 | 1 | |a Praha |b GRADA Publishing |c 1999 | |
| 300 | |a 219 s. | ||
| 610 | 2 | 0 | |a karty platobné |
| 610 | 2 | 0 | |a karty identifikačné |
| 610 | 2 | 0 | |a doprava |
| 610 | 2 | 0 | |a telekomunikácie |
| 610 | 2 | 0 | |a poisťovne zdravotné |
| 610 | 2 | 0 | |a šeky |
| 610 | 2 | 0 | |a technológia |
| 610 | 2 | 0 | |a snímače |
| 610 | 2 | 0 | |a terminály |
| 610 | 2 | 0 | |a spoločnosti |
| 610 | 2 | 0 | |a reklama |
| 610 | 2 | 0 | |a bezpečnosť |
| 610 | 2 | 0 | |a legislatíva |
| 610 | 2 | 0 | |a riziko |
| 610 | 2 | 0 | |a klienti |
| 610 | 2 | 0 | |a služby |
| 610 | 2 | 0 | |a banky |
| 610 | 2 | 0 | |a karty čipové |
| 610 | 2 | 0 | |a globalizácia |
| 610 | 2 | 0 | |a technológie nové |
| 610 | 2 | 0 | |a kanály distribučné |
| 610 | 2 | 0 | |a Česko |
| 100 | 1 | |a Juřík, Pavel | |